[Event "Heraklion Gazi op 12th"]
[Site "Malevizi"]
[Date "2016.07.28"]
[Round "1"]
[White "Lirindzakis, Timotheos"]
[Black "Ioannidis, Efstratios Th"]
[Result "1-0"]
[WhiteElo "2210"]
[BlackElo "1580"]
[PlyCount "35"]
[EventDate "2016.07.28"]
[EventType "swiss"]
[EventRounds "9"]
[EventCountry "GRE"]
[SourceTitle "CBM 173 Extra"]
[Source "ChessBase"]
[SourceDate "2016.08.29"]
[SourceVersion "1"]
[SourceVersionDate "2016.08.29"]
[SourceQuality "1"]

1. d4 Nf6 2. c4 c5 3. d5 b5 4. cxb5 a6 5. bxa6 g6 6. Nc3 Bxa6 7. e4 Bxf1 8. Kxf1 d6 9. g3 Bg7 10. Kg2 Nbd7 11. Nf3 0-0 12. a4 Ng4 13. Qe2 Nge5 14. Nd2 Nb6 15. Ra3 Ra5 16. b3 Nec4 17. bxc4 Bxc3 18. Rxc3 1-0